000 00571nam a22002297a 4500
003 UA-OsUOA
001 48068
007 ta
008 20070829b un ||||| |||| 00| 0 ukr d
100 _aМикитась В.Л.
090 _a821.161.2
_bМ59
942 _cBK
040 _aUA-OsUOA
_bukr
_cUA-OsUOA
_dUA-OsUOA
245 _aВсупереч правді
300 _a317 с.
955 _a3
041 _aukr
080 _a821.161.2
260 _aК.
_c1976
650 7 _a82 Література. Літературознавство
_2UDC
999 _c334170
_d334170